Ingeniería termica : (Registro nro. 30937)
[ vista simple ]
| 000 -CABECERA | |
|---|---|
| Longitud fija campo de control | 01247nam a2200217 a 4500 |
| 003 - • IDENTIFICADOR DELl NÚMERO DE CONTROL | |
| Identificador del número de control | CO-ViMGA |
| 008 - • CÓDIGOS DE INFORMACIÓN DE LONGITUD FIJA | |
| Códigos de información de longitud fija | 141112s2004 ck r 000 u spa d |
| 040 ## - FUENTE DE LA CATALOGACIÓN | |
| Centro catalogador de origen | CO-ViMGA |
| Lengua de catalogación | spa |
| Centro transcriptor | CO-ViMGA |
| 082 04 - • NÚMERO DE LA CLASIFICACIÓN DECIMAL DEWEY | |
| Número de clasificación (R) | 621.402 T673i |
| 100 1# - • PUNTO DE ACCESO PRINCIPAL-NOMBRE DE PERSONA | |
| Nombre de persona | Torregrosa Huguet, Antonio |
| 245 10 - • TITULO PROPIAMENTE DICHO | |
| Título | Ingeniería termica : |
| Resto del título | Fundamentos de termodinámica |
| 300 ## - • DESCRIPCIÓN FÍSICA | |
| Extensión | 126 |
| 505 ## - • NOTA DE CONTENIDO CON FORMATO | |
| Nota de contenido con formato | Introduccion a la termodinamica : Concepto, propiedades fundamentales, ecuaciones de estado, estado de equilibrio termodinamico, procesos termodinamico, energia, calor y trabajo, calor especifico, procesos termodinamicos fundamentales, gases ideales 1 - 39 - - Primer principio de la termodinamica. preambulo, conservacion de la energia, formulacion matematica, aplicacion a gases ideales, 41 - 55 - - Segundo principio de la termodinamica : enunciados del segundo principio, entropia, entropia e irreversabilidad, complemento exergia 57 - 85 |
| 590 ## - NOTAS LOCALES | |
| Nota local | Forma de adquisición : Compra - - Precio : 25000 - - Proveedor : Dismet - - Fecha de adquisición : 2008 |
| 650 14 - • PUNTO DE ACCESO ADICIONAL DE MATERIA - TÉRMINO DE MATERIA | |
| Término de materia o nombre geográfico como elemento inicial | CALOR |
| 650 14 - • PUNTO DE ACCESO ADICIONAL DE MATERIA - TÉRMINO DE MATERIA | |
| Término de materia o nombre geográfico como elemento inicial | TERMODINAMICA |
| 650 14 - • PUNTO DE ACCESO ADICIONAL DE MATERIA - TÉRMINO DE MATERIA | |
| Término de materia o nombre geográfico como elemento inicial | TERMOTECNIA |
| 942 ## - ENTRADA DE ELEMENTOS AGREGADOS (KOHA) | |
| Fuente de clasificaión o esquema | Dewey Decimal Classification |
| Koha [por defecto] tipo de item | LIbro |
| Perdido | Fuente de clasificación o esquema | Estado Físico | No para préstamo | Forma de adquisición | Localización permanente | Localización actual | Fecha adquisición | Serie de enumeración / cronolog&íacute;a | Préstamos totales | Signatura completa | Código de barras | Fecha última consulta | Número de copia | Fecha del precio de reemplazo | Tipo de item de Koha |
|---|---|---|---|---|---|---|---|---|---|---|---|---|---|---|---|
| Dewey Decimal Classification | Sala Especializada Tercer Piso | Biblioteca Pública Germán Arciniegas - Villavicencio | Biblioteca Pública Germán Arciniegas - Villavicencio | 12/04/2015 | Volumen. 1 | 11/jun/2009 | 621.402 T673i | 22636 | 12/04/2015 | Ej. 1 | 12/04/2015 | LIbro |